Stadiums of Sweden - Statistics

General Stats
  • This quiz has been taken 46 times
  • The average score is 15 of 30
Answer Stats
Team League Answer % Correct
AIK Allsvenskan Friends Arena
91%
Djurgårdens IF Allsvenskan Tele2 Arena
89%
Hammarby Fotboll Allsvenskan Tele2 Arena
89%
IFK Göteborg Allsvenskan Gamla Ullevi
86%
BK Häcken Allsvenskan Bravida Arena
74%
IF Elfsborg Allsvenskan Borås Arena
71%
Kalmar FF Allsvenskan Guldfågeln Arena
63%
Halmstads BK Allsvenskan Örjans Vall
63%
Frölunda HC SHL Scandinavium
63%
Malmö FF Allsvenskan Eleda Stadion
60%
Djurgårdens IF SHL Hovet
60%
Örebro SK Allsvenskan Eyravallen
57%
Örebro HK SHL Behrn Arena
54%
Malmö Redhawks SHL Malmö Arena
54%
Mjällby AIF Allsvenskan Strandvallen
54%
Degerfors IF Allsvenskan Stora Valla
49%
IK Sirius Allsvenskan Studenternas IP
49%
Linköping HC SHL Saab Arena
37%
Östersunds FK Allsvenskan Jämtkraft Arena
37%
Färjestad BK SHL Löfbergs Arena
37%
Leksands IF SHL Tegera Arena
31%
Luleå HF SHL Coop Norrbotten Arena
29%
Varbergs BoIS Allsvenskan Påskbergsvallen
29%
Brynäs IF SHL Gavlerinken
26%
Växjö Lakers SHL Vida Arena
26%
Skellefteå AIK SHL Skellefteå Kraft Arena
23%
IK Oskarshamn SHL Arena Oskarshamn
17%
Rögle BK SHL Catena Arena
17%
IFK Norrköping Allsvenskan Nya Parken
17%
Timrå IK SHL NHC Arena
6%
No matching quizzes found
Score Distribution
Percent of People with Each Score
Percentile by Number Answered
Your Score History
You have not taken this quiz